000 00245nam a2200097Ia 4500
005 20251222114347.0
008 251222s1900||||xx |||||||||||||| ||spa||
082 _aDVD0070/M19/2010/BR
245 0 _aEl árbol de la vida:The Tree of life
942 _cDVD
999 _c1098
_d1098